Amour sucrés - Statistiques

Statistiques générales
  • Ce quiz a été pris 958 fois
  • Le résultat moyen est 26 sur 39
Statistiques - réponses
numéro nom % Correct
7 Castiel
98%
32 Nathaniel
96%
4 Armin
95%
25 Lysandre
95%
3 Ambre
93%
18 Kentin
93%
2 Alexy
90%
37 Rosalya
90%
24 Li
88%
16 Iris
87%
40 Violette
87%
20 Kimberley
84%
8 Charlotte
83%
28 Mélody
78%
39 Sucrette
77%
23 Leigh
75%
11 Dakota
74%
6 Capucine
70%
12 Debrah
69%
35 Priya
66%
27 M. Faraize
65%
34 Peggy
64%
19 Kiki
61%
33 Nina
61%
17 Jade
60%
26 M. Boris
59%
10 Dajan
52%
21 Laetitia
52%
13 Démon
50%
1 Agatha
48%
29 Mme Delanay
45%
30 Mme Shermansky
44%
5 Blanche
41%
15 Evan
37%
31 Mr Pierrick
37%
19 Cookie
32%
36 Rocket
24%
38 Samuel
20%
14 Dimitry
11%
Aucun quiz correspondant
Distribution des résultats
% des personnes avec chaque résultat
Percentile par nombre de réponses
Votre historique - résultats
Vous n’avez pas pris ce quiz